[Event "Mittelfrank Regionalliga Sud-West 2223"]
[Site "Mittelfranken"]
[Date "2022.12.11"]
[Round "4.6"]
[White "Pleyer, Felix"]
[Black "Gradwohl, Manfred"]
[Result "1/2-1/2"]
[WhiteElo "1854"]
[BlackElo "1957"]
[PlyCount "47"]
[EventDate "2022.10.09"]
[EventType "team-tourn"]
[EventRounds "9"]
[EventCountry "GER"]
[SourceTitle "EXT 2024"]
[Source "ChessBase"]
[SourceDate "2023.10.10"]
[SourceVersion "1"]
[SourceVersionDate "2023.10.10"]
[SourceQuality "1"]
[WhiteTeam "Kempten"]
[BlackTeam "Garching III"]
[WhiteTeamCountry "GER"]
[BlackTeamCountry "GER"]

1. Nf3 g6 2. g3 Nf6 3. Bg2 Bg7 4. 0-0 0-0 5. d4 d6 6. c4 Nbd7 7. Nc3 e5 8. dxe5 Nxe5 9. Nxe5 dxe5 10. Qxd8 Rxd8 11. Bg5 Rd4 12. Rfd1 c6 13. Be3 Rxd1+ 14. Rxd1 Be6 15. b3 a6 16. Na4 Re8 17. Bb6 Nd7 18. Ba5 Bf8 19. Bc7 f6 20. Bd6 Bxd6 21. Rxd6 Kf7 22. Rd2 Ke7 23. Nb2 Rd8 24. Kf1 1/2-1/2

[Event "Bad Woerishofen op 29th"]
[Site "Bad Woerishofen"]
[Date "2013.03.08"]
[Round "8"]
[White "Valet, Richard"]
[Black "Pleyer, Felix"]
[Result "1-0"]
[WhiteElo "2056"]
[BlackElo "2147"]
[PlyCount "85"]
[EventDate "2013.03.01"]
[EventType "swiss"]
[EventRounds "9"]
[EventCountry "GER"]
[SourceTitle "CBM 153 Extra"]
[Source "ChessBase"]
[SourceDate "2013.04.22"]
[SourceVersion "1"]
[SourceVersionDate "2013.04.22"]
[SourceQuality "1"]

1. e4 Nf6 2. e5 Nd5 3. d4 d6 4. c4 Nb6 5. f4 dxe5 6. fxe5 Nc6 7. Be3 Bf5 8. Nc3 e6 9. Nf3 Bg4 10. Qd2 Bb4 11. a3 Bxc3 12. Qxc3 Qe7 13. Be2 f6 14. exf6 gxf6 15. 0-0-0 0-0-0 16. Rhe1 Kb8 17. b4 a6 18. Qb3 a5 19. b5 a4 20. Qc3 Na5 21. Kb2 Bxf3 22. gxf3 Nb3 23. Bf2 h5 24. c5 Nd5 25. Qc4 Na5 26. Qxa4 b6 27. Bf1 f5 28. Re5 Qf6 29. Be1 f4 30. Bxa5 bxa5 31. Qxa5 Ne3 32. Rxe3 fxe3 33. b6 cxb6 34. Qxb6+ Ka8 35. Bb5 Rc8 36. Bc6+ Rxc6 37. Qxc6+ Ka7 38. Qc7+ Ka8 39. Qc6+ Ka7 40. Qb6+ Ka8 41. Ka2 Qf7 42. Rb1 e5+ 43. Ka1 1-0

[Event "Bad Woerishofen op 29th"]
[Site "Bad Woerishofen"]
[Date "2013.03.02"]
[Round "2"]
[White "Teske, Henrik"]
[Black "Pleyer, Felix"]
[Result "1-0"]
[WhiteElo "2513"]
[BlackElo "2147"]
[PlyCount "57"]
[EventDate "2013.03.01"]
[EventType "swiss"]
[EventRounds "9"]
[EventCountry "GER"]
[SourceTitle "CBM 153 Extra"]
[Source "ChessBase"]
[SourceDate "2013.04.22"]
[SourceVersion "1"]
[SourceVersionDate "2013.04.22"]
[SourceQuality "1"]

1. Nf3 Nf6 2. c4 g6 3. Nc3 Bg7 4. d4 c5 5. g3 0-0 6. Bg2 d6 7. 0-0 Nc6 8. dxc5 dxc5 9. Be3 Be6 10. Qa4 Nd4 11. Rad1 Nxf3+ 12. Bxf3 Qc8 13. Qb5 b6 14. Bxa8 Qxa8 15. f3 Bh3 16. Rf2 e6 17. Qb3 h5 18. Qc2 Bf5 19. Qd2 Kh7 20. Bg5 Ng8 21. g4 hxg4 22. e4 Nh6 23. exf5 Nxf5 24. fxg4 Nd4 25. Rdf1 f5 26. Qd3 fxg4 27. Rxf8 Bxf8 28. Rf7+ Bg7 29. Bf6 1-0

[Event "Regionalliga SW 1011"]
[Site "Bayern"]
[Date "2011.02.06"]
[Round "6.7"]
[White "Epple, Ulrich"]
[Black "Pleyer, Felix"]
[Result "1-0"]
[WhiteElo "1956"]
[BlackElo "1925"]
[PlyCount "58"]
[EventDate "2010.10.10"]
[EventType "team-tourn"]
[EventRounds "9"]
[EventCountry "GER"]
[SourceTitle "EXT 2012"]
[Source "ChessBase"]
[SourceDate "2011.11.24"]
[SourceVersion "1"]
[SourceVersionDate "2011.11.24"]
[SourceQuality "1"]
[WhiteTeam "Tuerkheim/Bad Woerishofen"]
[BlackTeam "Sonthofen"]
[WhiteTeamCountry "GER"]
[BlackTeamCountry "GER"]

1. e4 Nf6 2. Nc3 d5 3. exd5 Nxd5 4. Bc4 Nb6 5. Bb3 Nc6 6. Nf3 g6 7. Ng5 e6 8. d3 Bg7 9. h4 Qe7 10. h5 Bd7 11. hxg6 hxg6 12. Rxh8+ Bxh8 13. Qf3 a5 14. Nge4 Nd4 15. Qg3 0-0-0 16. Bg5 f6 17. Bd2 a4 18. Ne2 Nxe2 19. Kxe2 axb3 20. axb3 Bc6 21. Be3 Nd5 22. Ra8+ Kd7 23. Nc5+ Qxc5 24. Rxd8+ Kxd8 25. Bxc5 e5 26. Be3 Be8 27. Qh3 Bg7 28. Qe6 Ne7 29. g4 Bd7 1-0

[Event "Regionalliga SW 1011"]
[Site "Bayern"]
[Date "2010.12.12"]
[Round "4.7"]
[White "Rippler, Andreas"]
[Black "Pleyer, Felix"]
[Result "1-0"]
[WhiteElo "1957"]
[BlackElo "1925"]
[PlyCount "69"]
[EventDate "2010.10.10"]
[EventType "team-tourn"]
[EventRounds "9"]
[EventCountry "GER"]
[SourceTitle "EXT 2012"]
[Source "ChessBase"]
[SourceDate "2011.11.24"]
[SourceVersion "1"]
[SourceVersionDate "2011.11.24"]
[SourceQuality "1"]
[WhiteTeam "Haar"]
[BlackTeam "Sonthofen"]
[WhiteTeamCountry "GER"]
[BlackTeamCountry "GER"]

1. e4 Nf6 2. e5 Nd5 3. c4 Nb6 4. d4 d6 5. Nf3 Bg4 6. h3 Bxf3 7. Qxf3 Nc6 8. c5 Nxd4 9. Qxb7 dxc5 10. Na3 Qc8 11. Qe4 Qd7 12. Be3 Qd5 13. Qxd5 Nxd5 14. Bxd4 cxd4 15. Bb5+ Kd8 16. Bc6 Nb6 17. Bxa8 Nxa8 18. Nb5 c5 19. Nxa7 Kc7 20. a4 Nb6 21. Ke2 e6 22. Rhc1 Be7 23. Nb5+ Kd7 24. b4 c4 25. a5 d3+ 26. Kd1 Nd5 27. Rxc4 Rb8 28. Nd4 Rxb4 29. Rxb4 Bxb4 30. a6 Bc3 31. a7 Nb6 32. Ra6 Nc4 33. Ra2 Nb6 34. Nb5 Bxe5 35. a8Q 1-0

[Event "Regionalliga SW 0910"]
[Site "Bayern"]
[Date "2010.02.07"]
[Round "6.4"]
[White "Pleyer, Felix"]
[Black "Lenz, Thomas"]
[Result "0-1"]
[WhiteElo "1955"]
[BlackElo "2172"]
[PlyCount "80"]
[EventDate "2009.10.18"]
[EventType "team-tourn"]
[EventRounds "9"]
[EventCountry "GER"]
[SourceTitle "EXT 2011"]
[Source "ChessBase"]
[SourceDate "2010.11.26"]
[SourceVersion "1"]
[SourceVersionDate "2010.11.26"]
[SourceQuality "1"]
[WhiteTeam "Sonthofen"]
[BlackTeam "Unterhaching"]
[WhiteTeamCountry "GER"]
[BlackTeamCountry "GER"]

1. e4 c5 2. Bc4 e6 3. Nc3 Nc6 4. Nf3 Nf6 5. Qe2 d6 6. 0-0 Be7 7. Rd1 a6 8. a4 d5 9. e5 Ng4 10. Ba2 Qc7 11. Re1 h5 12. d3 Nh6 13. Bf4 Nf5 14. Nd1 Qd8 15. c3 g5 16. Bc1 g4 17. Nd2 Qc7 18. Nf1 Bd7 19. Bf4 d4 20. Nd2 Rg8 21. Rc1 Nh4 22. Nc4 Nf3+ 23. Kh1 Nxe1 24. Qxe1 Bg5 25. Bxg5 Rxg5 26. Nd6+ Kf8 27. cxd4 cxd4 28. Qe4 Qa5 29. Nc4 Rxe5 30. Nxe5 Qxe5 31. Bb1 f5 32. Qxe5 Nxe5 33. b3 b5 34. Rc5 Ng6 35. Bc2 Ke7 36. Nb2 Kd6 37. b4 Bc6 38. Bb3 Nf4 39. Kg1 Bxg2 40. axb5 axb5 0-1

[Event "Regionalliga SW 0708"]
[Site "Bayern"]
[Date "2007.11.25"]
[Round "3.2"]
[White "Krulich, Roman"]
[Black "Pleyer, Felix"]
[Result "1-0"]
[WhiteElo "2167"]
[BlackElo "2002"]
[PlyCount "55"]
[EventDate "2007.10.21"]
[EventType "team-tourn"]
[EventRounds "9"]
[EventCountry "GER"]
[SourceTitle "EXT 2009"]
[Source "ChessBase"]
[SourceDate "2008.11.26"]
[SourceVersion "1"]
[SourceVersionDate "2008.11.26"]
[SourceQuality "1"]
[WhiteTeam "Zugzwang MSA"]
[BlackTeam "Sonthofen"]
[WhiteTeamCountry "GER"]
[BlackTeamCountry "GER"]

1. e4 Nf6 2. e5 Nd5 3. c4 Nb6 4. d4 d6 5. exd6 exd6 6. Nf3 Bg4 7. Be2 Be7 8. 0-0 0-0 9. Nc3 Nc6 10. b3 Bf6 11. Be3 d5 12. c5 Nc8 13. b4 N8e7 14. h3 Bh5 15. g4 Bg6 16. g5 Nxb4 17. gxf6 Nf5 18. fxg7 Re8 19. Bg5 f6 20. Bf4 Nc6 21. Bd3 Qd7 22. Nh2 h5 23. Kh1 Nh4 24. Bxg6 Nxg6 25. Be3 Qxh3 26. Nxd5 Nh4 27. Nxf6+ Kf7 28. Qxh5+ 1-0

[Event "Bad Woerishofen op 23th"]
[Site "Bad Woerishofen"]
[Date "2007.03.12"]
[Round "5"]
[White "Pohlers, Juergen"]
[Black "Pleyer, Felix"]
[Result "1/2-1/2"]
[WhiteElo "2102"]
[BlackElo "2173"]
[PlyCount "95"]
[EventDate "2007.03.08"]
[EventType "swiss"]
[EventRounds "9"]
[EventCountry "GER"]
[SourceTitle "EXT 2022"]
[Source "ChessBase"]
[SourceDate "2021.10.06"]
[SourceVersion "1"]
[SourceVersionDate "2021.10.06"]
[SourceQuality "1"]

1. d4 c5 2. d5 d6 3. c4 Nf6 4. Nc3 g6 5. e4 Bg7 6. h3 0-0 7. Nf3 Na6 8. Bd3 Rb8 9. 0-0 Nc7 10. Bf4 Nd7 11. Qd2 f6 12. Bh6 Rf7 13. Bxg7 Rxg7 14. Nh2 Ne5 15. f4 Nxd3 16. Qxd3 a6 17. f5 b5 18. b3 bxc4 19. bxc4 a5 20. Rab1 Rxb1 21. Rxb1 gxf5 22. exf5 Rg5 23. Rf1 Na8 24. h4 Rg7 25. Rf4 Qe8 26. Qe2 Kh8 27. Nf1 Nb6 28. Qb2 Nd7 29. Qb5 Qg8 30. Ne3 Rg3 31. Ncd1 Ne5 32. Qxa5 Rf3 33. Rxf3 Nxf3+ 34. Kf2 Nd4 35. Qc7 Qe8 36. g4 h5 37. Nc3 hxg4 38. Ne4 Bxf5 39. Ng3 Bd3 40. Nxg4 Bxc4 41. Ne3 Bxa2 42. Ngf5 Nxf5 43. Nxf5 Bxd5 44. Nxe7 Qh5 45. Qc8+ Kh7 46. Qf5+ Qxf5+ 47. Nxf5 Kg6 48. Ne7+ 1/2-1/2

[Event "Regionalliga SW 0607"]
[Site "Bayern"]
[Date "2006.11.19"]
[Round "3.8"]
[White "Pleyer, Felix"]
[Black "Giss, Helene"]
[Result "1/2-1/2"]
[WhiteElo "1952"]
[BlackElo "1973"]
[PlyCount "46"]
[EventDate "2006.10.15"]
[EventType "team-tourn"]
[EventRounds "9"]
[EventCountry "GER"]
[SourceTitle "EXT 2008"]
[Source "ChessBase"]
[SourceDate "2007.11.25"]
[SourceVersion "1"]
[SourceVersionDate "2007.11.25"]
[SourceQuality "1"]
[WhiteTeam "Sonthofen"]
[BlackTeam "Dillingen"]
[WhiteTeamCountry "GER"]
[BlackTeamCountry "GER"]

1. e4 e6 2. d4 d5 3. Nd2 c5 4. exd5 Qxd5 5. Ngf3 cxd4 6. Bc4 Qd6 7. 0-0 Nc6 8. Nb3 Nf6 9. Nbxd4 Nxd4 10. Nxd4 Qc7 11. Bb5+ Bd7 12. Qf3 Bd6 13. Bxd7+ Nxd7 14. Nb5 Bxh2+ 15. Kh1 Qe5 16. Nc3 h5 17. g3 h4 18. Bf4 Qf5 19. Qxb7 Rd8 20. Ne4 Qg4 21. f3 Qh3 22. Ng5 Qf5 23. Ne4 Qh3 1/2-1/2

[Event "Regionalliga SW 0506"]
[Site "Bayern"]
[Date "2006.03.12"]
[Round "8.8"]
[White "Schweiger, Christoph"]
[Black "Pleyer, Felix"]
[Result "1/2-1/2"]
[WhiteElo "1955"]
[BlackElo "1960"]
[PlyCount "22"]
[EventDate "2005.10.23"]
[EventType "team-tourn"]
[EventRounds "9"]
[EventCountry "GER"]
[SourceTitle "EXT 2007"]
[Source "ChessBase"]
[SourceDate "2006.11.23"]
[SourceVersion "1"]
[SourceVersionDate "2006.11.23"]
[SourceQuality "1"]

1. e4 Nf6 2. e5 Nd5 3. d4 d6 4. Nf3 g6 5. Bc4 c6 6. 0-0 Bg7 7. Re1 0-0 8. Bxd5 cxd5 9. Nc3 dxe5 10. dxe5 e6 11. Bg5 Qb6 1/2-1/2

[Event "Regionalliga SW 0405"]
[Site "Bayern"]
[Date "2004.11.28"]
[Round "3.5"]
[White "Moses, Daniel"]
[Black "Pleyer, Felix"]
[Result "0-1"]
[WhiteElo "1892"]
[BlackElo "1988"]
[PlyCount "52"]
[EventDate "2004.10.24"]
[EventType "team-tourn"]
[EventRounds "9"]
[EventCountry "GER"]
[SourceTitle "EXT 2007"]
[Source "ChessBase"]
[SourceDate "2006.11.23"]
[SourceVersion "1"]
[SourceVersionDate "2006.11.23"]
[SourceQuality "1"]
[WhiteTeam "Muenchen Schwabing/Nord II"]
[BlackTeam "Sonthofen"]
[WhiteTeamCountry "GER"]
[BlackTeamCountry "GER"]

1. Nc3 Nf6 2. e4 d5 3. e5 Nfd7 4. f4 e6 5. Nf3 c5 6. Ne2 Nc6 7. c3 Be7 8. d4 0-0 9. dxc5 Nxc5 10. Ned4 f6 11. b4 Ne4 12. Nxc6 bxc6 13. Qc2 f5 14. Nd4 Qb6 15. Nb3 Nxc3 16. a3 Ne4 17. Bd3 Bd7 18. Rf1 Rac8 19. Ke2 c5 20. Be3 Bb5 21. bxc5 Nxc5 22. Bxc5 Bxc5 23. Rfc1 Bxa3 24. Qxc8 Rxc8 25. Rxc8+ Bf8 26. Rc3 d4 0-1

[Event "Regionalliga SW 0102"]
[Site "Bayern"]
[Date "2002.04.28"]
[Round "9.3"]
[White "Czap, Bernhard"]
[Black "Pleyer, Felix"]
[Result "1-0"]
[WhiteElo "2040"]
[BlackElo "1950"]
[PlyCount "111"]
[EventDate "2001.10.07"]
[EventType "team"]
[EventRounds "9"]
[EventCountry "GER"]
[SourceTitle "EXT 2003"]
[Source "ChessBase"]
[SourceDate "2002.11.25"]
[SourceVersion "1"]
[SourceVersionDate "2002.11.25"]
[SourceQuality "1"]
[WhiteTeam "Unterhaching"]
[BlackTeam "Sonthofen"]
[WhiteTeamCountry "GER"]
[BlackTeamCountry "GER"]

1. d4 c5 2. d5 d6 3. e4 Nf6 4. Nc3 g6 5. f4 Bg7 6. Bb5+ Nfd7 7. a4 0-0 8. Nf3 Na6 9. 0-0 Nc7 10. Be2 b6 11. Be3 Rb8 12. Nd2 Nf6 13. Nc4 Ba6 14. Qd2 Bxc4 15. Bxc4 Ng4 16. Kh1 Nxe3 17. Qxe3 a6 18. Qd3 Qc8 19. Ra3 Bxc3 20. Rxc3 b5 21. axb5 axb5 22. Ba2 b4 23. Rc4 Qb7 24. Rd1 Rfd8 25. h4 Ra8 26. Bb3 Nb5 27. h5 Nd4 28. h6 Kh8 29. Rxd4 cxd4 30. Qxd4+ f6 31. e5 Rf8 32. g4 Qa7 33. exf6 exf6 34. Kg2 Qxd4 35. Rxd4 Rab8 36. Re4 Rfe8 37. Re6 Rxe6 38. dxe6 Re8 39. f5 gxf5 40. gxf5 Kg8 41. Ba4 Ra8 42. e7 Kf7 43. e8Q+ Rxe8 44. Bxe8+ Kxe8 45. Kf3 Kd7 46. Ke4 Kc6 47. Kd4 d5 48. c4 dxc4 49. Kxc4 Kd6 50. Kxb4 Ke5 51. Kc5 Kxf5 52. b4 Kg5 53. b5 Kxh6 54. b6 Kg5 55. b7 h5 56. b8Q 1-0

[Event "Regionalliga SW 0102"]
[Site "Bayern"]
[Date "2001.11.11"]
[Round "2.6"]
[White "Pleyer, Felix"]
[Black "Begna, Bozidar"]
[Result "1-0"]
[WhiteElo "1950"]
[BlackElo "2070"]
[PlyCount "129"]
[EventDate "2001.10.07"]
[EventType "team"]
[EventRounds "9"]
[EventCountry "GER"]
[SourceTitle "EXT 2003"]
[Source "ChessBase"]
[SourceDate "2002.11.25"]
[SourceVersion "1"]
[SourceVersionDate "2002.11.25"]
[SourceQuality "1"]
[WhiteTeam "Sonthofen"]
[BlackTeam "Muenchen Tarrasch"]
[WhiteTeamCountry "GER"]
[BlackTeamCountry "GER"]

1. e4 Nf6 2. Nc3 e5 3. d4 exd4 4. Qxd4 Nc6 5. Qe3 Bb4 6. Bd2 Qe7 7. Bd3 d6 8. 0-0-0 Be6 9. Bb5 0-0 10. f3 a6 11. Bd3 Ne5 12. g4 Bc4 13. Bxc4 Nxc4 14. Qd4 Nxd2 15. Qxb4 c5 16. Nd5 Nxd5 17. Qxd2 Nb4 18. a3 Nc6 19. Qxd6 Qg5+ 20. Qd2 Qe5 21. Qe3 Rad8 22. Rxd8 Rxd8 23. Ne2 Nd4 24. Nxd4 Rxd4 25. c3 Rd8 26. f4 Qe6 27. h3 Qc4 28. Rd1 Rxd1+ 29. Kxd1 Qf1+ 30. Kc2 c4 31. e5 g6 32. e6 fxe6 33. Qxe6+ Kg7 34. Qe3 b5 35. Qe7+ Kg8 36. Qe6+ Kg7 37. Qd7+ Kg8 38. Qe8+ Kg7 39. Qe3 Qg2+ 40. Kb1 Qf1+ 41. Ka2 Qg2 42. Qa7+ Kg8 43. Qxa6 Qxh3 44. Qxb5 Qxg4 45. Qxc4+ Kf8 46. a4 Qf5 47. Qb4+ Ke8 48. Qb8+ Ke7 49. Qb4+ Kd8 50. a5 Qe6+ 51. Ka3 Kc7 52. Qc5+ Kb7 53. b4 Qc6 54. Qe5 Ka6 55. Qe2+ Kb7 56. c4 h5 57. Qe7+ Kb8 58. Qd8+ Ka7 59. Qd4+ Kb8 60. b5 Qc7 61. Ka4 h4 62. c5 h3 63. c6 h2 64. Qh8+ Qc8 65. Qxh2 1-0